[Event "EU-ch U14 26th"]
[Site "Prague"]
[Date "2016.08.26"]
[Round "8"]
[White "Isfan, Ioan Marius"]
[Black "Mao, Ximan"]
[Result "1-0"]
[WhiteElo "2011"]
[BlackElo "1731"]
[PlyCount "77"]
[EventDate "2016.08.18"]
[EventType "swiss"]
[EventRounds "9"]
[EventCountry "CZE"]
[SourceTitle "CBM 174 Extra"]
[Source "ChessBase"]
[SourceDate "2016.10.10"]
[SourceVersion "1"]
[SourceVersionDate "2016.10.10"]
[SourceQuality "1"]

1. d4 Nf6 2. Bg5 Ne4 3. Bf4 c5 4. e3 e6 5. Bd3 Nf6 6. c3 d5 7. Nf3 Bd6 8. Bxd6 Qxd6 9. Ne5 Nc6 10. f4 0-0 11. 0-0 Ne7 12. Nd2 Nf5 13. Qf3 Nd7 14. g4 Ne7 15. Qh3 g6 16. Qh6 Kh8 17. Ndf3 Ng8 18. Qh4 Kg7 19. Nxd7 Bxd7 20. Ne5 f6 21. Nxd7 Qxd7 22. g5 f5 23. Qf2 Rf7 24. Qc2 Rc8 25. Kg2 h6 26. h4 h5 27. Qd2 Ne7 28. Kf3 Rc7 29. Rfb1 Nc8 30. dxc5 Qc6 31. b4 d4+ 32. Kg3 dxe3 33. Qxe3 Ne7 34. c4 Rf8 35. Bf1 Rd8 36. Bg2 Qd7 37. Rd1 Qxd1 38. Rxd1 Rxd1 39. Qe5+ 1-0

[Event "EU-ch U14 26th"]
[Site "Prague"]
[Date "2016.08.20"]
[Round "3"]
[White "Mao, Ximan"]
[Black "Kriz, Tomas"]
[Result "1-0"]
[WhiteElo "1731"]
[BlackElo "1404"]
[PlyCount "75"]
[EventDate "2016.08.18"]
[EventType "swiss"]
[EventRounds "9"]
[EventCountry "CZE"]
[SourceTitle "CBM 174 Extra"]
[Source "ChessBase"]
[SourceDate "2016.10.10"]
[SourceVersion "1"]
[SourceVersionDate "2016.10.10"]
[SourceQuality "1"]

1. d4 d5 2. c4 dxc4 3. e4 e5 4. d5 Nf6 5. Nc3 c6 6. Bxc4 Bb4 7. Bg5 0-0 8. Nge2 h6 9. Bh4 b6 10. 0-0 Bb7 11. a3 Be7 12. Bg3 Qc7 13. Rc1 Nh5 14. dxc6 Nxc6 15. Nd5 Qd8 16. Bb5 Rc8 17. Bxc6 Bxc6 18. Bxe5 Bxd5 19. Rxc8 Qxc8 20. exd5 Nf6 21. Nc3 Rd8 22. Qf3 Rd7 23. Rd1 Qd8 24. h3 Kf8 25. Qf5 Kg8 26. Qd3 Bd6 27. f4 Qc7 28. Bxf6 gxf6 29. Ne4 Bc5+ 30. Kh1 Qxf4 31. Rf1 Rxd5 32. Qe2 Qe5 33. Nxf6+ Kh8 34. Qc2 Kg7 35. Qh7+ Kf8 36. Qg8+ Ke7 37. Qe8+ Kd6 38. Qd7# 1-0

[Event "Crawley e2e4 Gatwick op U2050"]
[Site "Crawley"]
[Date "2016.05.30"]
[Round "7"]
[White "Mao, Ximan"]
[Black "Lanzer, Robert A"]
[Result "1-0"]
[WhiteElo "1745"]
[BlackElo "1877"]
[PlyCount "61"]
[EventDate "2016.05.27"]
[EventType "swiss"]
[EventRounds "7"]
[EventCountry "ENG"]
[SourceTitle "EXT 2019"]
[Source "ChessBase"]
[SourceDate "2018.10.10"]
[SourceVersion "1"]
[SourceVersionDate "2018.10.10"]
[SourceQuality "1"]

1. d4 Nf6 2. c4 c5 3. d5 e6 4. Nc3 exd5 5. cxd5 d6 6. e4 g6 7. Nge2 Bg7 8. Ng3 0-0 9. Be2 a6 10. a4 Re8 11. 0-0 Nbd7 12. Bf4 Qc7 13. Qc2 b6 14. Rac1 Bb7 15. Qd2 Rac8 16. Bh6 Re7 17. Bxg7 Kxg7 18. Qf4 Rh8 19. Nd1 h5 20. h4 Ne5 21. Qg5 Bc8 22. Ne3 Nh7 23. Nef5+ Bxf5 24. Nxf5+ Kf8 25. Qxe7+ Qxe7 26. Nxe7 Kxe7 27. Bxa6 Nf6 28. Rfe1 Ra8 29. Bb5 c4 30. Re2 Rc8 31. Rc3 1-0

[Event "Crawley e2e4 Gatwick op U2050"]
[Site "Crawley"]
[Date "2016.05.30"]
[Round "6"]
[White "White, David J"]
[Black "Mao, Ximan"]
[Result "1-0"]
[WhiteElo "1862"]
[BlackElo "1745"]
[PlyCount "123"]
[EventDate "2016.05.27"]
[EventType "swiss"]
[EventRounds "7"]
[EventCountry "ENG"]
[SourceTitle "EXT 2019"]
[Source "ChessBase"]
[SourceDate "2018.10.10"]
[SourceVersion "1"]
[SourceVersionDate "2018.10.10"]
[SourceQuality "1"]

1. e4 e6 2. d4 d5 3. e5 c5 4. c3 Nc6 5. Nf3 Bd7 6. Be2 cxd4 7. cxd4 f6 8. exf6 Nxf6 9. 0-0 Bd6 10. Nc3 a6 11. Bg5 0-0 12. Qd2 Rc8 13. Rad1 Qc7 14. h3 Nh5 15. Ne5 Nf6 16. Ng4 Nxg4 17. Bxg4 Na5 18. Nxd5 exd5 19. Bxd7 Qxd7 20. Qxa5 Qf5 21. Be3 Rf6 22. Rc1 Re8 23. Qa4 b5 24. Qc2 Qd7 25. Rfe1 Rg6 26. Kf1 Qf7 27. Re2 Bh2 28. Rce1 Rf8 29. Rc1 Rg3 30. f3 Rg6 31. Bf2 Bg3 32. Bxg3 Rxg3 33. Qc7 Rg6 34. Qxf7+ Rxf7 35. Rc8+ Rf8 36. Rxf8+ Kxf8 37. Re5 Rc6 38. b3 Rc1+ 39. Re1 Rc2 40. Re2 Rc3 41. Ke1 Rd3 42. Rd2 Re3+ 43. Kf2 Rc3 44. Kg3 Kf7 45. Kf4 Kf6 46. h4 h6 47. h5 Rc1 48. g4 Ra1 49. Rc2 Re1 50. Rc6+ Re6 51. Rxe6+ Kxe6 52. Ke3 Kf6 53. f4 Ke6 54. Kf3 Kf6 55. Kg3 Ke6 56. Kh4 Kf6 57. b4 Ke6 58. a3 Kf6 59. Kg3 Ke6 60. g5 Kf5 61. gxh6 gxh6 62. Kf3 1-0

[Event "Crawley e2e4 Gatwick op U2050"]
[Site "Crawley"]
[Date "2016.05.29"]
[Round "4"]
[White "Mao, Ximan"]
[Black "Rogacewicz, Mikolaj"]
[Result "1-0"]
[WhiteElo "1745"]
[BlackElo "1452"]
[PlyCount "61"]
[EventDate "2016.05.27"]
[EventType "swiss"]
[EventRounds "7"]
[EventCountry "ENG"]
[SourceTitle "EXT 2019"]
[Source "ChessBase"]
[SourceDate "2018.10.10"]
[SourceVersion "1"]
[SourceVersionDate "2018.10.10"]
[SourceQuality "1"]

1. d4 e6 2. c4 Nf6 3. Nc3 Bb4 4. e3 0-0 5. Bd3 b6 6. Nf3 Bb7 7. 0-0 c5 8. a3 Bxc3 9. bxc3 Nc6 10. e4 Ne8 11. d5 Na5 12. Bf4 d6 13. Rb1 e5 14. Be3 Bc8 15. Nd2 f5 16. exf5 Bxf5 17. Bxf5 Rxf5 18. Qg4 Qd7 19. f4 Nf6 20. Qd1 exf4 21. Rxf4 Re5 22. Qf3 Rae8 23. Nf1 Qa4 24. Rb2 Qxa3 25. Rf2 Nb7 26. Rxf6 gxf6 27. Qxf6 Rxe3 28. Rf4 R3e4 29. Qf7+ Kh8 30. Rxe4 Rb8 31. Qf6+ 1-0

[Event "Crawley e2e4 Gatwick op U1950"]
[Site "Crawley"]
[Date "2016.02.21"]
[Round "5"]
[White "Mao, Ximan"]
[Black "Marshall, Chris"]
[Result "1-0"]
[WhiteElo "1708"]
[BlackElo "1835"]
[PlyCount "75"]
[EventDate "2016.02.19"]
[EventType "swiss"]
[EventRounds "5"]
[EventCountry "ENG"]
[SourceTitle "EXT 2019"]
[Source "ChessBase"]
[SourceDate "2018.10.10"]
[SourceVersion "1"]
[SourceVersionDate "2018.10.10"]
[SourceQuality "1"]

1. d4 Nf6 2. c4 g6 3. Nc3 Bg7 4. e4 d6 5. h3 0-0 6. Be3 e5 7. d5 Na6 8. Nf3 Ne8 9. g4 f5 10. gxf5 gxf5 11. h4 f4 12. Bd2 Bg4 13. Be2 Bxf3 14. Bxf3 Nf6 15. h5 h6 16. Qe2 Nc5 17. 0-0-0 Nh7 18. Bg4 Ng5 19. f3 Kh8 20. Nb1 a5 21. Na3 Bf6 22. Nc2 Qe8 23. Ne1 a4 24. Ng2 Nf7 25. Bc3 Qe7 26. Bf5 Bg5 27. Qf2 Rab8 28. Nh4 Bxh4 29. Qxh4 Qxh4 30. Rxh4 Ng5 31. Rxf4 b5 32. cxb5 Rxb5 33. Rg4 Nxf3 34. Rg6 Rfb8 35. Rf1 Nh4 36. Rxh6+ Kg7 37. Rh7+ Kf6 38. Be6+ 1-0

[Event "London Classic CSC op U2000 7th"]
[Site "London"]
[Date "2015.12.04"]
[Round "1"]
[White "Mao, Ximan"]
[Black "Omtvedt, Per"]
[Result "0-1"]
[WhiteElo "1730"]
[BlackElo "1932"]
[PlyCount "54"]
[EventDate "2015.12.04"]
[EventType "swiss"]
[EventRounds "5"]
[EventCountry "ENG"]
[SourceTitle "CBM 169 Extra"]
[Source "ChessBase"]
[SourceDate "2015.12.18"]
[SourceVersion "1"]
[SourceVersionDate "2015.12.18"]
[SourceQuality "1"]

1. d4 Nf6 2. c4 e6 3. Nc3 d5 4. cxd5 exd5 5. Bg5 c6 6. e3 Be7 7. Bd3 0-0 8. Nge2 Nbd7 9. 0-0 Ne4 10. Bxe7 Qxe7 11. Qc2 f5 12. Rfe1 Ndf6 13. Rac1 Nxf2 14. Kxf2 Ng4+ 15. Kg1 Qxe3+ 16. Kh1 Nf2+ 17. Kg1 Nxd3+ 18. Kh1 Nxc1 19. Rxc1 f4 20. Ng1 Bf5 21. Qd1 Rae8 22. Ra1 Be4 23. Qb3 f3 24. Nxe4 fxg2+ 25. Kxg2 Qxe4+ 26. Nf3 Qe2+ 27. Kg3 Re3 0-1

[Event "BCF-ch Atkins op"]
[Site "Coventry"]
[Date "2015.08.01"]
[Round "2"]
[White "Wells, Jonathan C"]
[Black "Mao, Ximan"]
[Result "1-0"]
[WhiteElo "1994"]
[BlackElo "1763"]
[PlyCount "83"]
[EventDate "2015.07.31"]
[EventType "swiss"]
[EventRounds "5"]
[EventCountry "ENG"]
[SourceTitle "CBM 167 Extra"]
[Source "ChessBase"]
[SourceDate "2015.09.14"]
[SourceVersion "1"]
[SourceVersionDate "2015.09.14"]
[SourceQuality "1"]

1. d4 Nf6 2. c4 e6 3. g3 Bb4+ 4. Bd2 Bxd2+ 5. Nxd2 d6 6. Bg2 e5 7. d5 a5 8. Ngf3 Nbd7 9. 0-0 0-0 10. b3 Qe7 11. e4 Nc5 12. Qc2 Ng4 13. h3 Nf6 14. a3 Qe8 15. b4 Qa4 16. Qxa4 Nxa4 17. Rfc1 Bd7 18. Ne1 g6 19. Nd3 Rfc8 20. c5 b6 21. Nc4 Bb5 22. cxd6 Bxc4 23. Rxc4 cxd6 24. Rac1 Rxc4 25. Rxc4 axb4 26. axb4 Kf8 27. f4 Nd7 28. Rc7 Ke8 29. h4 b5 30. fxe5 dxe5 31. d6 Nab6 32. Nxe5 Nxe5 33. Re7+ Kd8 34. Rxe5 Kd7 35. Rxb5 Kc6 36. Rc5+ Kd7 37. Rc7+ Kxd6 38. Rxf7 Ra1+ 39. Kh2 Rb1 40. Rxh7 Ke6 41. h5 Rxb4 42. Rh6 1-0

[Event "BCF-ch U11"]
[Site "Aberystwyth"]
[Date "2014.07.25"]
[Round "6"]
[White "Mao, Ximan"]
[Black "Zhang, Harvey Y"]
[Result "0-1"]
[WhiteElo "114"]
[BlackElo "144"]
[PlyCount "104"]
[EventDate "2014.07.22"]
[EventType "swiss"]
[EventRounds "7"]
[EventCountry "WLS"]
[SourceTitle "EXT 2017"]
[Source "ChessBase"]
[SourceDate "2016.10.25"]
[SourceVersion "1"]
[SourceVersionDate "2016.10.25"]
[SourceQuality "1"]

1. d4 Nf6 2. c4 g6 3. Nc3 Bg7 4. e4 0-0 5. h3 d6 6. Be3 Nc6 7. Nf3 e5 8. d5 Ne7 9. g4 Ne8 10. Be2 f6 11. Nd2 f5 12. gxf5 gxf5 13. Bg5 Kh8 14. exf5 Bxf5 15. Bg4 Nf6 16. Bxf5 Nxf5 17. Nde4 Qe8 18. Nxf6 Bxf6 19. Bxf6+ Rxf6 20. Ne4 Rg6 21. Qb3 b6 22. 0-0-0 Nd4 23. Qe3 Qa4 24. Rxd4 exd4 25. Qxd4+ Kg8 26. Nf6+ Rxf6 27. Qxf6 Qxc4+ 28. Qc3 Qxc3+ 29. bxc3 Rf8 30. Rg1+ Kh8 31. Rg2 Rf3 32. Rg3 Rxf2 33. a3 Rf5 34. Re3 Kg7 35. Re7+ Rf7 36. Rxf7+ Kxf7 37. Kd2 Kf6 38. c4 Kg5 39. Ke3 Kh4 40. Kf4 Kxh3 41. Kf3 h5 42. a4 a5 43. Kf4 Kg2 44. Kg5 Kf3 45. Kxh5 Ke4 46. Kg4 Kd4 47. Kf4 Kxc4 48. Ke4 Kc5 49. Kd3 Kxd5 50. Kc3 c5 51. Kd3 c4+ 52. Kc3 Kc5 0-1

[Event "Sunningdale e2e4 U1800 op 04"]
[Site "Sunningdale"]
[Date "2014.04.20"]
[Round "6"]
[White "Zhang, Harvey Y"]
[Black "Mao, Ximan"]
[Result "1/2-1/2"]
[WhiteElo "1671"]
[BlackElo "1555"]
[PlyCount "78"]
[EventDate "2014.04.17"]
[EventType "swiss"]
[EventRounds "7"]
[EventCountry "ENG"]
[SourceTitle "EXT 2015"]
[Source "ChessBase"]
[SourceDate "2014.11.20"]
[SourceVersion "1"]
[SourceVersionDate "2014.11.20"]
[SourceQuality "1"]

1. Nf3 Nf6 2. c4 g6 3. Nc3 Bg7 4. e4 d6 5. d4 0-0 6. g3 Nbd7 7. Bg2 c5 8. d5 Nb6 9. Qd3 Bg4 10. 0-0 Nfd7 11. Bf4 Bxf3 12. Bxf3 Ne5 13. Bxe5 Bxe5 14. Bg2 Qd7 15. Rab1 f5 16. b3 Rae8 17. exf5 Qxf5 18. Qxf5 Rxf5 19. Nb5 a6 20. Nc7 Rb8 21. Ne6 Kh8 22. f4 Bg7 23. Rbe1 Nc8 24. Bh3 Rf7 25. Ng5 Bd4+ 26. Kg2 Rg7 27. Ne6 Rf7 28. Nxd4 cxd4 29. Rd1 Rf8 30. Rxd4 b5 31. Bxc8 Rfxc8 32. Rf2 bxc4 33. Rxc4 Rxc4 34. bxc4 Rb4 35. Rc2 Kg7 36. Kf3 Kf6 37. Rc3 h5 38. h3 a5 39. Rc2 Ra4 1/2-1/2

[Event "Sunningdale e2e4 U1800 op 04"]
[Site "Sunningdale"]
[Date "2014.04.18"]
[Round "2"]
[White "Balaji, Aaravamudhan"]
[Black "Mao, Ximan"]
[Result "1/2-1/2"]
[WhiteElo "1675"]
[BlackElo "1555"]
[PlyCount "148"]
[EventDate "2014.04.17"]
[EventType "swiss"]
[EventRounds "7"]
[EventCountry "ENG"]
[SourceTitle "EXT 2015"]
[Source "ChessBase"]
[SourceDate "2014.11.20"]
[SourceVersion "1"]
[SourceVersionDate "2014.11.20"]
[SourceQuality "1"]

1. e4 Nf6 2. e5 Nd5 3. d4 d6 4. c4 Nb6 5. f4 dxe5 6. fxe5 c5 7. d5 Bf5 8. Be3 N8d7 9. Nf3 Bg4 10. Bf4 g6 11. h3 Bxf3 12. Qxf3 Bg7 13. Qg3 0-0 14. Nc3 e6 15. d6 f6 16. exf6 Nxf6 17. Be2 Nxc4 18. Bxc4 Nh5 19. Bxe6+ Kh8 20. Qe3 Nxf4 21. 0-0-0 Bd4 22. Qe4 Qxd6 23. Bb3 Qe5 24. Qxe5+ Bxe5 25. Rd7 Nxg2 26. Rxb7 Nf4 27. Ne4 Nd3+ 28. Kb1 Rab8 29. Rxb8 Rxb8 30. Kc2 Nb4+ 31. Kb1 Bd4 32. Rf1 Re8 33. Ng3 Re3 34. Nh1 Re2 35. Ng3 Rxb2+ 36. Kc1 Nxa2+ 37. Bxa2 Rxa2 38. Rf7 Kg8 39. Rb7 Ra3 40. Ne4 Rxh3 41. Rxa7 Rh1+ 42. Kd2 Rf1 43. Ra8+ Rf8 44. Ra7 Rf7 45. Ra8+ Kg7 46. Kd3 h5 47. Kc4 Re7 48. Ng5 Kf6 49. Nf3 Kf5 50. Rg8 Kf6 51. Kd5 Rd7+ 52. Ke4 Rg7 53. Rf8+ Ke7 54. Ra8 Kf7 55. Ng5+ Kf6 56. Nf3 Re7+ 57. Kf4 g5+ 58. Kg3 g4 59. Nd2 Re3+ 60. Kf4 Re2 61. Ra6+ Re6 62. Ne4+ Ke7 63. Ra7+ Kd8 64. Rh7 Re5 65. Nf6 Re7 66. Rh8+ Kc7 67. Nd5+ Kb7 68. Rxh5 Rg7 69. Kg3 Kc6 70. Nf4 Be3 71. Rh6+ Kb7 72. Rf6 Rg5 73. Ne6 Rg8 74. Rf7+ Kb6 1/2-1/2

[Event "Sunningdale e2e4 U1800 op 04"]
[Site "Sunningdale"]
[Date "2014.04.18"]
[Round "3"]
[White "Mao, Ximan"]
[Black "White, Gary"]
[Result "1-0"]
[WhiteElo "1555"]
[BlackElo "1718"]
[PlyCount "45"]
[EventDate "2014.04.17"]
[EventType "swiss"]
[EventRounds "7"]
[EventCountry "ENG"]
[SourceTitle "EXT 2015"]
[Source "ChessBase"]
[SourceDate "2014.11.20"]
[SourceVersion "1"]
[SourceVersionDate "2014.11.20"]
[SourceQuality "1"]

1. d4 b6 2. Nf3 Bb7 3. c4 e6 4. Nc3 Be7 5. Bf4 d6 6. e3 Nd7 7. Be2 a6 8. h3 Nf8 9. a3 g5 10. Bh2 Ng6 11. Rc1 Nh6 12. 0-0 g4 13. hxg4 Nxg4 14. Re1 Bg5 15. Nxg5 Nxe3 16. fxe3 Qxg5 17. Bf3 Bxf3 18. Qxf3 0-0-0 19. Ne4 Qe7 20. c5 Nh4 21. Nxd6+ cxd6 22. cxd6+ Kb8 23. dxe7+ 1-0